000 00386nam a2200181Ia 4500
003 0100
008 130303s9999 xx 000 0 und d
040 _cARRUPELIB
050 _aJA66.B531976
100 _aBlondel, Jean
245 _aThinking Politically
260 _aMiddlesex
260 _bPenguin Books
260 _C1976
300 _a164p
650 _bEthics
942 0 0 _01
999 _c29204
_d29204